000 00821nam a2200277 i 4500
003 DO-SdBNP
005 20231127095718.0
006 a||||gr|||| 00| 0
007 ta
008 231121t1991 dr aoc|| |||| 00| p spa d
040 _aDO-SdBNP
_bspa
_cBNPHU
_erda
082 4 _222
_bR426p
100 _943655
110 _aRepública Dominicana.
_bSecretaria de Educación Bellas Artes y Cultos
245 1 0 _aPlan decenal de educación ;
_bguia general para la programación en la consulta nacional
264 4 _aSanto Domingo :
_bSEEBAC,
_c1991
300 _a6 páginas :
_c28 cm.
336 _2rdacontent
_atexto
_btxt
337 _2rdamedia
_asin mediación
_bn
338 _2rdacarrier
_avolumen
_bnc
590 _aInventariado, 2023 / DG
700 _984656
700 _934794
910 _aDG
942 _2ddc
_cLF2
999 _c55589
_d55589